000 00275nam a2200097Ia 4500
001 639889
005 20250826153436.0
008 250824s9999 xx 000 0 und d
245 0 _aBİNBİR GECE MASALLARI ANTİK O KLASİKLERİ
_cANONİM
260 _bANTİK DÜNYA KLASİKLERİ
999 _c639889
_d639889